| 000 | 00854nam a2200241 i 4500 | ||
|---|---|---|---|
| 001 | bg | ||
| 100 | 1 | _aNAJBAR, Bartłomiej | |
| 245 | 1 | 0 |
_aWąż Eskulapa Elaphe (Zamenis) longissima (Laurenti, 1768) w Bieszczadach Zachodnich : _bśrodowisko występowania, czynniki ograniczające zasięg i liczebność populacji oraz możliwości jej rozwoju / _cBartłomiej Najbar ; Uniwersytet Zielonogórski. |
| 260 |
_aZielona Góra : _bOficyna Wydawnicza UZ, _c2004. |
||
| 300 |
_a140 s. : _bil. ; _c24 cm. |
||
| 500 | _aStreszcz. ang. | ||
| 504 | _aBibliogr. | ||
| 650 | 9 | _aWąż Eskulapa | |
| 651 | 9 |
_aBieszczady _xfauna _zPolska |
|
| 710 | 0 | _aUniwersytet Zielonogórski | |
| 020 | _a8389712415 | ||
| 040 | _cBPK | ||
| 041 | 0 |
_apol _beng |
|
| 080 | _a598.1(438) | ||
| 920 | _a83-89712-41-5 | ||
| 942 | _cKS | ||
| 008 | s pl f |000 0 pol | ||
| 999 |
_c46450 _d46450 |
||
| 856 |
_uhttp://koha.tu.koszalin.pl/cgi-bin/koha/opac-detail.pl?biblionumber=46450 _yKatalog online BPK |
||